[Event "PanAm Intercolleagiate-ch 2019"]
[Site "Charlotte"]
[Date "2019.12.29"]
[Round "4.8"]
[White "Beradze, Irakli"]
[Black "Bok, Benjamin"]
[Result "1/2-1/2"]
[WhiteElo "2487"]
[BlackElo "2636"]
[Annotator "TA"]
[PlyCount "101"]
[EventDate "2019.12.27"]
[EventType "team-tourn"]
[EventCountry "USA"]
[SourceTitle "playchess.com"]
[Source "ChessBase"]
[SourceQuality "1"]

{[%evp 29,101,3,16,0,0,0,0,0,0,0,7,4,4,4,2,4,3,2,4,6,5,7,47,51,41,35,52,52,52,52,52,51,47,44,42,40,71,71,71,71,71,71,71,71,71,71,81,71,81,68,68,68,68,68,71,68,71,71,71,70,70,70,70,0,70,58,58,58,58,37,37,37,48,37]} 1. e4 e5 2. Nf3 Nc6 3. Bb5 a6 4. Ba4 Nf6 5. O-O Be7 6. Re1 b5 7. Bb3 d6 8. c3 O-O 9. h3 Re8 10. Ng5 Rf8 11. Nf3 Re8 12. d4 Bb7 13. Nbd2 Bf8 14. Bc2 g6 15. a3 Bg7 16. Nf1 {C92: Closed Ruy Lopez: 9...Be6, Karpov and Flohr-Zaitsev Variations} d5 17. Bg5 dxe4 18. Bxe4 {The position is equal.} exd4 19. Nxd4 {[#]} Nxd4 $146 ({Predecessor:} 19... Rxe4 20. Rxe4 Qd5 21. Bxf6 Qxe4 22. f3 Qf4 23. Bxg7 Kxg7 24. Nxc6 Bxc6 {1-0 (90) Berg,E (2539)-Ibragimov,I (2637) Turin 2006}) 20. Bxb7 Rxe1 21. Qxe1 Nc2 22. Bxf6 Bxf6 23. Qe4 Nxa1 24. Bxa8 Nb3 25. Qc6 Qd6 (25... Nc1 {is more complex.} 26. Ne3 Kg7 27. Qd5 Nd3 28. b4 Qxd5 29. Nxd5 Nb2) 26. Qxd6 cxd6 $14 {[%mdl 4096] Endgame KBN-KBN} 27. Ne3 Nc5 28. Kf1 Na4 29. Bb7 Nxb2 30. Bxa6 Na4 31. Bxb5 Nxc3 32. Bc6 d5 33. Nxd5 Nxd5 34. Bxd5 $16 {KB-KB} Kf8 35. Ke2 Bd4 36. f3 Ke7 37. Kd3 Bf2 38. Kc4 f6 39. Bg8 h5 40. Kd5 h4 41. Kc6 Kd8 42. Be6 g5 43. a4 Be1 44. Bf5 Bd2 45. Kb6 {[#] aiming for a5.} Be3+ 46. Kc6 {Hoping for a5.} Bd2 $1 47. Kd6 {White is slightly better.} Bb4+ 48. Ke6 Bc3 49. f4 Kc7 50. Be4 Bd2 51. Kf5 {Accuracy: White = 68%, Black = 71%.} 1/2-1/2

[Event "PanAm Intercolleagiate-ch 2019"]
[Site "Charlotte"]
[Date "2019.12.29"]
[Round "4.9"]
[White "Preotu, Razvan"]
[Black "Quesada Perez, Yuniesky"]
[Result "1/2-1/2"]
[WhiteElo "2487"]
[BlackElo "2601"]
[Annotator "RC"]
[PlyCount "106"]
[EventDate "2019.12.27"]
[EventType "team-tourn"]
[EventCountry "USA"]
[SourceTitle "playchess.com"]
[Source "ChessBase"]
[SourceQuality "1"]
[TimeControl "5400+30"]

1. e4 {[%emt 0:00:00]} e5 {[%emt 0:00:00]} 2. Nf3 {[%emt 0:00:00]} Nc6 {[%emt 0:00:00]} 3. Bc4 {[%emt 0:00:07]} Bc5 {[%emt 0:00:00]} 4. O-O {[%emt 0:00:12]} Nf6 {[%emt 0:00:00]} 5. d3 {[%emt 0:00:12]} d6 {[%emt 0:00:05]} 6. c3 {[%emt 0:00:14]} a6 {[%emt 0:00:27]} 7. a4 {[%emt 0:01:16]} Ba7 {[%emt 0:00:55]} 8. Re1 {[%emt 0:02:05]} O-O {[%emt 0:02:03]} 9. h3 {[%emt 0:00:25]} Ne7 {[%emt 0:01:05]} 10. d4 {[%emt 0:02:58]} Ng6 {[%emt 0:03:31]} 11. Bd3 {[%emt 0:00:14]} h6 {[%emt 0:12:44]} 12. Be3 {[%emt 0:03:21]} Re8 {[%emt 0:02:56]} 13. Nbd2 {[%emt 0:00:30]} Nh7 {[%emt 0:07:23]} 14. Nf1 {[%emt 0:08:25]} Ng5 {[%emt 0:01:30]} 15. Nxg5 {[%emt 0:16:37]} hxg5 {[%emt 0:00:08]} 16. g3 {[%emt 0:00:07]} Nf8 {[%emt 0:20:10]} 17. Qf3 {[%emt 0:09:07]} Be6 {[%emt 0:07:32]} 18. Kh2 {[%emt 0:07:56]} Nh7 {[%emt 0:01:18]} 19. d5 {[%emt 0:01:12]} Bd7 {[%emt 0:00:53]} 20. a5 {[%emt 0:03:47]} g6 {[%emt 0:01:58]} 21. Bxa7 {[%emt 0:00:40]} Rxa7 {[%emt 0:00:03]} 22. Ne3 {[%emt 0:00:28]} Kg7 {[%emt 0:01:06]} 23. b4 {[%emt 0:00:39]} Rh8 {[%emt 0:00:40]} 24. g4 {[%emt 0:00:38]} Nf6 {[%emt 0:01:51]} 25. Kg2 {[%emt 0:00:48]} Qe7 {[%emt 0:04:57]} 26. Rab1 {[%emt 0:08:20]} b5 {[%emt 0:03:48]} 27. c4 {[%emt 0:03:03]} Rb8 {[%emt 0:01:57]} 28. cxb5 {[%emt 0:06:45]} Bxb5 {[%emt 0:00:35]} 29. Bxb5 {[%emt 0:00:07]} Rxb5 {[%emt 0:00:03]} 30. Nc4 {[%emt 0:00:10]} Qe8 {[%emt 0:01:28]} 31. Qc3 {[%emt 0:06:13]} Rb8 {[%emt 0:01:20]} 32. Nb2 {[%emt 0:00:08]} Qd7 {[%emt 0:11:51]} 33. f3 {[%emt 0:02:03]} Ng8 {[%emt 0:01:17]} 34. Nd3 {[%emt 0:00:39]} Ne7 {[%emt 0:00:18]} 35. Rbc1 {[%emt 0:01:21]} Rc8 {[%emt 0:00:42]} 36. Qd2 {[%emt 0:00:23]} c6 {[%emt 0:03:58]} 37. dxc6 {[%emt 0:02:29]} Nxc6 {[%emt 0:01:30]} 38. Qxg5 {[%emt 0:00:10]} Rac7 {[%emt 0:01:15]} 39. Rc4 {[%emt 0:06:59]} Nd8 {[%emt 0:02:30]} 40. Rxc7 {[%emt 0:00:11]} Rxc7 {[%emt 0:00:03]} 41. Qd2 {[%emt 0:01:30]} Ne6 {[%emt 0:00:19]} 42. Rc1 {[%emt 0:00:53]} Rxc1 {[%emt 0:01:34]} 43. Nxc1 {[%emt 0:00:06]} Nf4+ {[%emt 0:00:43]} 44. Kg3 {[%emt 0:01:01]} Qa7 {[%emt 0:00:26]} 45. Ne2 {[%emt 0:03:55]} Nxe2+ {[%emt 0:01:02]} 46. Qxe2 {[%emt 0:00:04]} Qg1+ {[%emt 0:00:04]} 47. Qg2 {[%emt 0:00:06]} Qe1+ {[%emt 0:00:19]} 48. Qf2 {[%emt 0:00:05]} Qxb4 {[%emt 0:00:11]} 49. Qb6 {[%emt 0:00:29]} Qe1+ {[%emt 0:00:32]} 50. Kg2 {[%emt 0:00:04]} Qd2+ {[%emt 0:01:28]} 51. Kg3 {[%emt 0:00:22]} Qe1+ {[%emt 0:01:21]} 52. Kg2 {[%emt 0:00:05]} Qd2+ {[%emt 0:01:02]} 53. Kg3 {[%emt 0:00:05]} Qe1+ {[%emt 0:00:31]} 1/2-1/2

[Event "PanAm Intercolleagiate-ch 2019"]
[Site "Charlotte"]
[Date "2019.12.29"]
[Round "4.10"]
[White "Gledura, Benjamin"]
[Black "Stremavicius, Titas"]
[Result "1/2-1/2"]
[WhiteElo "2626"]
[BlackElo "2519"]
[Annotator "TA"]
[PlyCount "42"]
[EventDate "2019.12.27"]
[EventType "team-tourn"]
[EventCountry "USA"]
[SourceTitle "playchess.com"]
[Source "ChessBase"]
[SourceQuality "1"]

{[%evp 14,42,5,0,1,0,0,0,8,6,8,5,16,22,27,6,7,6,9,10,44,54,45,40,47,1,16,25,35,33,33]} 1. Nf3 d5 2. g3 Nf6 3. Bg2 e6 4. O-O b5 5. d4 Be7 6. a4 b4 7. c4 bxc3 8. Nxc3 O-O {A46: 1 d4 Nf6 2 Nf3 e6: Torre, London and Colle Systems} 9. Bf4 a5 10. Rc1 c6 {The position is equal.} 11. e4 $146 ({Predecessor:} 11. Ne5 Ba6 12. Qd2 Nfd7 13. Nxd7 Nxd7 14. Rfd1 Qb6 15. e4 Rfc8 16. exd5 cxd5 {0-1 (33) Gukesh,D (2497)-Howell,D (2685) Caleta 2019}) 11... Nxe4 12. Nxe4 dxe4 13. Ne5 f6 14. Nxc6 Nxc6 15. Bxe4 Nxd4 {[#] Threatens to win with ...Ba6.} 16. Bxa8 {Black must now prevent Bc7.} e5 {Hoping for ...Ba6.} (16... Ba6 $5 {[%cal Rd4e2]} 17. Bf3 Nxf3+ 18. Qxf3 Bxf1 19. Kxf1 e5 20. Qb3+ Kh8 $11) 17. Be3 {Strongly threatening Bxd4.} Ba6 18. Bxd4 {aiming for Bc5.} Bxf1 19. Be3 {[#] Bd5+ is the strong threat.} Qxa8 {[%csl Gf1][%cal Ra8g2]} 20. Qxf1 Bb4 21. Qc4+ Kh8 {Accuracy: White = 77%, Black = 59%.} 1/2-1/2

[Event "PanAm Intercolleagiate-ch 2019"]
[Site "Charlotte"]
[Date "2019.12.29"]
[Round "4.11"]
[White "Reshef, Omer"]
[Black "Cordova, Emilio"]
[Result "1/2-1/2"]
[WhiteElo "2458"]
[BlackElo "2585"]
[Annotator "ChessBase"]
[PlyCount "80"]
[EventDate "2019.12.27"]
[EventType "team-tourn"]
[EventCountry "USA"]
[SourceTitle "playchess.com"]
[Source "ChessBase"]
[SourceQuality "1"]
[TimeControl "5400+30"]

1. e4 {[%emt 1:30:30]} c5 {[%emt 1:30:30]} 2. Nf3 {[%emt 0:00:30]} Nc6 {[%emt 0:00:30]} 3. b3 {[%emt 0:00:30]} d6 {[%emt 0:00:30]} 4. Bb2 {[%emt 0:00:30]} Nf6 {[%emt 0:00:30]} 5. Nc3 {[%emt 0:00:30]} e5 {[%emt 0:00:30]} 6. g3 {[%emt 0:00:30]} g6 {[%emt 0:00:30]} 7. Bg2 {[%emt 0:00:30]} Bg7 {[%emt 0:00:30]} 8. O-O {[%emt 0:00:30]} O-O {[%emt 0:00:30]} 9. d3 {[%emt 0:00:30]} Rb8 {[%emt 0:00:30]} 10. a4 {[%emt 0:00:30]} a6 {[%emt 0:00:30]} 11. Nd2 {[%emt 0:00:30]} b5 {[%emt 0:00:30]} 12. axb5 {[%emt 0:00:30]} axb5 {[%emt 0:00:30]} 13. h3 {[%emt 0:00:30]} Be6 {[%emt 0:00:30]} 14. Re1 {[%emt 0:00:30]} Qd7 {[%emt 0:00:30]} 15. Kh2 {[%emt 0:00:30]} c4 {[%emt 0:00:30]} 16. bxc4 {[%emt 0:00:30]} bxc4 {[%emt 0:00:30]} 17. Ba3 {[%emt 0:00:30]} cxd3 {[%emt 0:00:30]} 18. cxd3 {[%emt 0:00:30]} Rfc8 {[%emt 0:00:30]} 19. Nd5 {[%emt 0:00:30]} Bxd5 {[%emt 0:00:30]} 20. exd5 {[%emt 0:00:30]} Nb4 {[%emt 0:00:30]} 21. Bxb4 {[%emt 0:00:30]} Rxb4 {[%emt 0:00:30]} 22. Ra6 {[%emt 0:00:30]} Qf5 {[%emt 0:00:30]} 23. Qe2 {[%emt 0:00:30]} Rb2 {[%emt 0:00:30]} 24. Rb1 {[%emt 0:00:30]} Rbc2 {[%emt 0:00:30]} 25. Rxd6 {[%emt 0:00:30]} Bh6 {[%emt 0:00:30]} 26. Rd1 {[%emt 0:00:30]} R8c3 {[%emt 0:00:30]} 27. Qf3 {[%emt 0:00:30]} Qxf3 {[%emt 0:00:30]} 28. Nxf3 {[%emt 0:00:30]} Kg7 {[%emt 0:00:30]} 29. Kg1 {[%emt 0:00:30]} e4 {[%emt 0:00:30]} 30. Rxf6 {[%emt 0:00:30]} Rc1 {[%emt 0:00:30]} 31. Rxc1 {[%emt 0:00:30]} Rxc1+ {[%emt 0:00:30]} 32. Bf1 {[%emt 0:00:30]} Kxf6 {[%emt 0:00:30]} 33. dxe4 {[%emt 0:00:30]} Ke7 {[%emt 0:00:30]} 34. Kg2 {[%emt 0:00:30]} Kd6 {[%emt 0:00:30]} 35. Bb5 {[%emt 0:00:30]} f6 {[%emt 0:00:30]} 36. h4 {[%emt 0:00:30]} Kc5 {[%emt 0:00:30]} 37. Be2 {[%emt 0:00:30]} Rc2 {[%emt 0:00:30]} 38. Kf1 {[%emt 0:00:30]} Rc1+ {[%emt 0:00:30]} 39. Kg2 {[%emt 0:00:30]} Rc2 {[%emt 0:00:30]} 40. Kf1 {[%emt 0:00:30]} Rc1+ {[%emt 0:00:30]} 1/2-1/2

[Event "PanAm Intercolleagiate-ch 2019"]
[Site "Charlotte"]
[Date "2019.12.29"]
[Round "4.12"]
[White "Burke, John M"]
[Black "Grinberg, Eyal"]
[Result "1/2-1/2"]
[WhiteElo "2551"]
[BlackElo "2465"]
[Annotator "ChessBase"]
[PlyCount "108"]
[EventDate "2019.12.27"]
[EventType "team-tourn"]
[EventCountry "USA"]
[SourceTitle "playchess.com"]
[Source "ChessBase"]
[SourceQuality "1"]
[TimeControl "5400+30"]

1. e4 {[%emt 1:30:30]} c5 {[%emt 1:30:30]} 2. Nf3 {[%emt 0:00:30]} d6 {[%emt 0:00:30]} 3. Bb5+ {[%emt 0:00:30]} Nd7 {[%emt 0:00:30]} 4. a4 {[%emt 0:00:30]} Ngf6 {[%emt 0:00:30]} 5. Nc3 {[%emt 0:00:30]} a6 {[%emt 0:00:30]} 6. Be2 {[%emt 0:00:30]} e5 {[%emt 0:00:30]} 7. d3 {[%emt 0:00:30]} Be7 {[%emt 0:00:30]} 8. Nd2 {[%emt 0:00:30]} Nf8 {[%emt 0:00:30]} 9. Nc4 {[%emt 0:00:30]} Ne6 {[%emt 0:00:30]} 10. O-O {[%emt 0:00:30]} O-O {[%emt 0:00:30]} 11. a5 {[%emt 0:00:30]} Bd7 {[%emt 0:00:30]} 12. Na4 {[%emt 0:00:30]} Bc6 {[%emt 0:00:30]} 13. Nab6 {[%emt 0:00:30]} Rb8 {[%emt 0:00:30]} 14. c3 {[%emt 0:00:30]} Nd7 {[%emt 0:00:30]} 15. g3 {[%emt 0:00:30]} Nxb6 {[%emt 0:00:30]} 16. Nxb6 {[%emt 0:00:30]} Nc7 {[%emt 0:00:30]} 17. Bg4 {[%emt 0:00:30]} d5 {[%emt 0:00:30]} 18. Qe2 {[%emt 0:00:30]} Re8 {[%emt 0:00:30]} 19. c4 {[%emt 0:00:30]} dxe4 {[%emt 0:00:30]} 20. dxe4 {[%emt 0:00:30]} Ne6 {[%emt 0:00:30]} 21. Bxe6 {[%emt 0:00:30]} fxe6 {[%emt 0:00:30]} 22. f3 {[%emt 0:00:30]} Rf8 {[%emt 0:00:30]} 23. Be3 {[%emt 0:00:30]} Qe8 {[%emt 0:00:30]} 24. Rad1 {[%emt 0:00:30]} Rd8 {[%emt 0:00:30]} 25. Rxd8 {[%emt 0:00:30]} Qxd8 {[%emt 0:00:30]} 26. Rd1 {[%emt 0:00:30]} Qc7 {[%emt 0:00:30]} 27. Kg2 {[%emt 0:00:30]} Rd8 {[%emt 0:00:30]} 28. Rd2 {[%emt 0:00:30]} Rxd2 {[%emt 0:00:30]} 29. Qxd2 {[%emt 0:00:30]} Qd6 {[%emt 0:00:30]} 30. Qc3 {[%emt 0:00:30]} Bd8 {[%emt 0:00:30]} 31. Qa3 {[%emt 0:00:30]} Bxb6 {[%emt 0:00:30]} 32. axb6 {[%emt 0:00:30]} Qd1 {[%emt 0:00:30]} 33. Qc3 {[%emt 0:00:30]} Qd6 {[%emt 0:00:30]} 34. g4 {[%emt 0:00:30]} h6 {[%emt 0:00:30]} 35. Kg3 {[%emt 0:00:30]} Bd7 {[%emt 0:00:30]} 36. Qa5 {[%emt 0:00:30]} Qd3 {[%emt 0:00:30]} 37. Qxc5 {[%emt 0:00:30]} Ba4 {[%emt 0:00:30]} 38. h4 {[%emt 0:00:30]} Bd1 {[%emt 0:00:30]} 39. g5 {[%emt 0:00:30]} hxg5 {[%emt 0:00:30]} 40. hxg5 {[%emt 0:00:30]} Qe2 {[%emt 0:00:30]} 41. Qc8+ {[%emt 0:00:30]} Kh7 {[%emt 0:00:30]} 42. g6+ {[%emt 0:00:30]} Kxg6 {[%emt 0:00:30]} 43. Qxe6+ {[%emt 0:00:30]} Kh7 {[%emt 0:00:30]} 44. Qf5+ {[%emt 0:00:30]} Kg8 {[%emt 0:00:30]} 45. Bf2 {[%emt 0:00:30]} Qxc4 {[%emt 0:00:30]} 46. Qxe5 {[%emt 0:00:30]} Qf7 {[%emt 0:00:30]} 47. Qc3 {[%emt 0:00:30]} Qg6+ {[%emt 0:00:30]} 48. Kh2 {[%emt 0:00:30]} Qf6 {[%emt 0:00:30]} 49. Qc8+ {[%emt 0:00:30]} Kh7 {[%emt 0:00:30]} 50. Qh3+ {[%emt 0:00:30]} Qh6 {[%emt 0:00:30]} 51. Qxh6+ {[%emt 0:00:30]} Kxh6 {[%emt 0:00:30]} 52. Kg3 {[%emt 0:00:30]} Kg6 {[%emt 0:00:30]} 53. f4 {[%emt 0:00:30]} Kf7 {[%emt 0:00:30]} 54. f5 {[%emt 0:00:30]} g6 {[%emt 0:00:30]} 1/2-1/2

[Event "PanAm Intercolleagiate-ch 2019"]
[Site "Charlotte"]
[Date "2019.12.29"]
[Round "4.13"]
[White "Baryshpolets, Andrey"]
[Black "Rambaldi, Francesco"]
[Result "1/2-1/2"]
[WhiteElo "2564"]
[BlackElo "2570"]
[Annotator "ChessBase"]
[PlyCount "48"]
[EventDate "2019.12.27"]
[EventType "team-tourn"]
[EventCountry "USA"]
[SourceTitle "playchess.com"]
[Source "ChessBase"]
[SourceQuality "1"]
[TimeControl "5400+30"]

1. d4 {[%emt 0:00:00]} Nf6 {[%emt 0:00:00]} 2. c4 {[%emt 0:00:00]} e6 {[%emt 0:00:02]} 3. Nf3 {[%emt 0:00:16]} d5 {[%emt 0:00:08]} 4. g3 {[%emt 0:00:29]} dxc4 {[%emt 0:00:41]} 5. Bg2 {[%emt 0:00:12]} a6 {[%emt 0:00:15]} 6. Ne5 {[%emt 0:04:47]} Bb4+ {[%emt 0:01:06]} 7. Nc3 {[%emt 0:00:39]} Nd5 {[%emt 0:00:27]} 8. Bd2 {[%emt 0:06:30]} Nb6 {[%emt 0:03:13]} 9. e3 {[%emt 0:01:23]} N8d7 {[%emt 0:04:36]} 10. Nxd7 {[%emt 0:02:56]} Qxd7 {[%emt 0:01:31]} 11. Ne4 {[%emt 0:03:14]} a5 {[%emt 0:18:57]} 12. a3 {[%emt 0:16:25]} Be7 {[%emt 0:01:46]} 13. Nc5 {[%emt 0:09:55]} Bxc5 {[%emt 0:05:23]} 14. dxc5 {[%emt 0:01:02]} Nd5 {[%emt 0:00:06]} 15. Qg4 {[%emt 0:01:46]} O-O {[%emt 0:02:05]} 16. Qxc4 {[%emt 0:00:08]} b6 {[%emt 0:01:10]} 17. Bc3 {[%emt 0:08:19]} Ba6 {[%emt 0:16:51]} 18. Qd4 {[%emt 0:04:25]} f6 {[%emt 0:01:34]} 19. O-O-O {[%emt 0:19:06]} Qc6 {[%emt 0:05:14]} 20. Bxd5 {[%emt 0:00:10]} exd5 {[%emt 0:02:03]} 21. Rhg1 {[%emt 0:00:21]} Rad8 {[%emt 0:10:23]} 22. cxb6 {[%emt 0:01:59]} Qxb6 {[%emt 0:02:35]} 23. Qxb6 {[%emt 0:02:08]} cxb6 {[%emt 0:00:03]} 24. Rd4 {[%emt 0:00:30]} Bc4 {[%emt 0:01:33]} 1/2-1/2

[Event "PanAm Intercolleagiate-ch 2019"]
[Site "Charlotte"]
[Date "2019.12.29"]
[Round "4.16"]
[White "Kevlishvili, Robby"]
[Black "Sorokin, Aleksey"]
[Result "0-1"]
[WhiteElo "2457"]
[BlackElo "2520"]
[Annotator "ChessBase"]
[PlyCount "55"]
[EventDate "2019.12.27"]
[EventType "team-tourn"]
[EventCountry "USA"]
[SourceTitle "playchess.com"]
[Source "ChessBase"]
[SourceQuality "1"]
[TimeControl "5400+30"]

1. e4 {[%emt 0:00:00]} e5 {[%emt 0:00:00]} 2. Nf3 {[%emt 0:00:00]} Nc6 {[%emt 0:00:01]} 3. Bb5 {[%emt 0:00:01]} a6 {[%emt 0:00:32]} 4. Ba4 {[%emt 0:00:12]} Nf6 {[%emt 0:00:14]} 5. O-O {[%emt 0:00:27]} Bc5 {[%emt 0:00:30]} 6. c3 {[%emt 0:00:44]} b5 {[%emt 0:00:40]} 7. Bb3 {[%emt 0:00:38]} d6 {[%emt 0:01:15]} 8. a4 {[%emt 0:01:11]} Bg4 {[%emt 0:00:58]} 9. h3 {[%emt 0:05:13]} Bxf3 {[%emt 0:03:25]} 10. Qxf3 {[%emt 0:00:08]} Na5 {[%emt 0:00:12]} 11. Bc2 {[%emt 0:00:58]} b4 {[%emt 0:00:16]} 12. Qd1 {[%emt 0:09:21]} Qb8 {[%emt 0:17:38]} 13. d4 {[%emt 0:15:34]} b3 {[%emt 0:01:10]} 14. Bd3 {[%emt 0:00:41]} exd4 {[%emt 0:03:08]} 15. cxd4 {[%emt 0:09:35]} Bxd4 {[%emt 0:00:38]} 16. Bxa6 {[%emt 0:00:39]} Qb6 {[%emt 0:02:44]} 17. Bb5+ {[%emt 0:02:49]} c6 {[%emt 0:00:58]} 18. Bd3 {[%emt 0:00:32]} O-O {[%emt 0:02:20]} 19. Nd2 {[%emt 0:02:18]} Rfe8 {[%emt 0:02:08]} 20. Qf3 {[%emt 0:04:03]} Ra7 {[%emt 0:04:04]} 21. Qg3 {[%emt 0:07:02]} Bc5 {[%emt 0:05:23]} 22. Kh1 {[%emt 0:09:21]} Rae7 {[%emt 0:05:57]} 23. f3 {[%emt 0:05:16]} Bd4 {[%emt 0:18:01]} 24. Nc4 {[%emt 0:10:01]} Nxc4 {[%emt 0:00:13]} 25. Bxc4 {[%emt 0:00:07]} Qb4 {[%emt 0:00:59]} 26. Bd3 {[%emt 0:00:21]} Be5 {[%emt 0:05:02]} 27. Qe1 {[%emt 0:05:36]} Qd4 {[%emt 0:02:10]} 28. Qe3 {[%emt 0:00:53]} 0-1

[Event "PanAm Intercolleagiate-ch 2019"]
[Site "Charlotte"]
[Date "2019.12.30"]
[Round "5.1"]
[White "Baryshpolets, Andrey"]
[Black "Swiercz, Dariusz"]
[Result "1/2-1/2"]
[WhiteElo "2564"]
[BlackElo "2659"]
[Annotator "TA"]
[PlyCount "54"]
[EventDate "2019.12.27"]
[EventType "team-tourn"]
[EventCountry "USA"]
[SourceTitle "playchess.com"]
[Source "ChessBase"]
[SourceQuality "1"]

{[%evp 26,54,32,0,15,0,0,0,0,0,0,0,0,0,0,0,0,0,0,0,0,0,12,15,22,0,0,0,0,0,0]} 1. d4 Nf6 2. c4 e6 3. Nf3 d5 4. Nc3 c5 5. cxd5 Nxd5 6. e4 Nxc3 7. bxc3 cxd4 8. cxd4 Bb4+ 9. Bd2 Bxd2+ 10. Qxd2 O-O 11. Bc4 Nd7 12. O-O b6 13. Rfe1 Bb7 14. Rad1 Rc8 {The position is equal. D41: Queen's Gambit Declined: Semi-Tarrasch with 5 cxd5} 15. Bb3 Re8 16. d5 (16. h3 Nf6 17. Qf4 Nh5 18. Qh2 h6 19. Nd2 b5 20. Qe5 Qg5 21. Qxg5 hxg5 22. Nf3 {½-½ (52) Mamedyarov,S (2774)-Ding,L (2805) Zagreb 2019}) 16... exd5 17. exd5 Nc5 18. d6 Bxf3 $1 19. gxf3 {[#] Strongly threatening Rxe8+.} Qd7 20. Qf4 {[#]} Nxb3 $146 ({Predecessor:} 20... h6 21. Bc4 b5 22. Rxe8+ Rxe8 {½-½ (33) Krejci,J (2563)-Papp,G (2591) Slovakia 2019}) 21. Rxe8+ Rxe8 22. axb3 $11 {[%mdl 4096] Endgame KQR-KQR} h6 23. Qd4 Re6 24. h4 Re8 25. Kh2 Rd8 26. Rd3 Qf5 27. d7 Qc5 {Accuracy: White = 79%, Black = 97%.} 1/2-1/2

[Event "PanAm Intercolleagiate-ch 2019"]
[Site "Charlotte"]
[Date "2019.12.30"]
[Round "5.2"]
[White "Ipatov, Alexander"]
[Black "Shtembuliak, Evgeny"]
[Result "1/2-1/2"]
[WhiteElo "2631"]
[BlackElo "2600"]
[Annotator "TA"]
[PlyCount "98"]
[EventDate "2019.12.27"]
[EventType "team-tourn"]
[EventCountry "USA"]
[SourceTitle "playchess.com"]
[Source "ChessBase"]
[SourceQuality "1"]

{[%evp 10,98,39,41,34,19,25,25,35,20,25,13,47,7,27,0,0,0,0,0,0,0,0,8,14,20,27,-12,0,0,0,-10,0,-12,0,0,-3,-10,18,23,33,0,6,2,14,0,20,0,0,0,14,14,14,19,63,29,54,25,47,12,41,38,47,-81,-51,-111,-111,-111,-111,-111,-111,-111,-111,-579,-575,-471,-288,-280,-168,-172,-268,-183,-157,-157,-150,-143,-118,-118,-110,-110,-71]} 1. d4 g6 2. c4 Bg7 3. e4 d6 4. Nc3 e5 5. d5 a5 6. Bd3 Na6 {A42: Modern Defence: Averbakh Variation} (6... Nd7 7. h4 Ngf6 8. Bc2 Nc5 9. Be3 Bd7 10. Qe2 O-O 11. O-O-O a4 12. Kb1 Qb8 13. h5 Nxh5 14. Rxh5 gxh5 15. Qxh5 {1-0 (40) Volkov,S (2557)-Shariyazdanov,A (2519) Cheliabinsk 2019}) 7. Nge2 Qh4 8. O-O Nh6 $146 {White has an edge.} ({Predecessor:} 8... Bd7 9. f3 f5 10. Be3 Nf6 11. a3 Nc5 12. Bxc5 dxc5 13. Qc2 O-O 14. exf5 gxf5 15. Bxf5 Bxf5 16. Qxf5 {1-0 (41) Yatsenko,V-Kroll,O (2237) ICCF email 2016}) 9. f3 O-O 10. Qe1 Qe7 11. Kh1 Bd7 12. Be3 f5 13. exf5 Nxf5 14. Bf2 Nc5 15. Bc2 Bh6 16. Ng3 b6 17. Nxf5 gxf5 18. f4 Rae8 19. fxe5 dxe5 20. d6 cxd6 21. Nd5 Qg7 {White should prevent ...e4.} 22. Nxb6 {[#]} Bc6 $1 {[%csl Gc6][%cal Rg7g2][%mdl 512]} 23. Nd5 {With the idea Bxc5.} Bxd5 (23... e4 {with more complications.} 24. Bxc5 dxc5 25. Qxa5 Bxd5 26. cxd5 Qxb2 27. Bb3 Kh8) 24. cxd5 Nd7 25. Rd1 Bg5 26. Qxa5 e4 $1 27. Bd4 Bf6 28. Bxf6 Nxf6 29. Rde1 Re5 30. Qb6 Qe7 31. a4 {[%cal Ba2a4,Ba4a5,Ba5a6][%mdl 32]} Ng4 32. h3 (32. g3 {seems wilder.} Rc8 33. Re2 Nf6 34. Bb3 Qc7 35. Qd4) 32... Nf6 33. Bd1 Kh8 34. a5 Rg8 35. a6 f4 ({Wrong is} 35... Rxd5 $2 36. Bb3 $18) 36. Qb7 (36. Rg1 $14 {keeps the upper hand.}) 36... f3 $1 $17 {[%cal Rf3g2]} 37. Qxe7 ({But not} 37. gxf3 $2 Rh5 $3 $19 {[%mdl 512]}) (37. Rf2 $1 $15 Nd7 38. a7) 37... fxg2+ $40 {[%mdl 128] Black has strong attack.} 38. Kh2 gxf1=N+ 39. Rxf1 Rxe7 40. Rxf6 {[%mdl 4096] Endgame [#] KRR-KRB} e3 $1 {[%cal Re3e2] Hoping for ...e2.} 41. Re6 $2 {[%mdl 8192]} (41. Be2 $17 {nothing else works.}) 41... Rf7 $19 42. Bg4 {[#]} h5 $1 {[%mdl 512]} 43. Bxh5 Rf2+ {[%mdl 64] Double Attack} 44. Kh1 Rc8 {[%mdl 1024] Black has strong compensation.} 45. Rh6+ {[#]} Kg7 $1 {[%mdl 512] ( -> ...Rc1+)} 46. Rg6+ Kf8 {White must now prevent ...e2.} 47. Rg2 Rc1+ 48. Kh2 Rd2 49. Be2 Rxb2 {Accuracy: White = 47%, Black = 45%.} 1/2-1/2